Nástin ekonomiky předkapitalistických formací

Uložené v:
Podrobná bibliografia
Médium: Kniha
Jazyk:Czech
Vydavateľské údaje: Praha Svoboda 1951
Tagy: Pridať tag
Žiadne tagy, Buďte prvý, kto otaguje tento záznam!

MARC

LEADER 00000nam a2200000 4500
001 0313621
005 20251215114540.1
041 0 |a cze 
044 |a CZ 
245 1 0 |a Nástin ekonomiky předkapitalistických formací  |c K. V. Ostroviťanov 
264 1 |a Praha  |b Svoboda  |c 1951